000 00457nam a2200193 a 4500
020 _a8185990
082 0 0 _a322.1
_bRAJ
100 _aRajaram, N S
245 _aSecularism
260 _aNew Delhi
_bVoice of India
_c1995
300 _a97p
500 _aincludes index and biblioraphy
505 2 _aforword by mahmud ayoub
650 _aSecularism
650 _aHindutva
650 _aSecularism-India
700 1 _aRajaram, N S
942 _cBK
999 _c12062
_d12062